[Event "Ostrava Konik op"]
[Site "Ostrava"]
[Date "2014.05.01"]
[Round "6"]
[White "Knettig, Vojtech"]
[Black "Frank, Adam"]
[Result "0-1"]
[WhiteElo "1000"]
[BlackElo "1417"]
[PlyCount "28"]
[EventDate "2014.04.26"]
[EventType "swiss"]
[EventRounds "9"]
[EventCountry "CZE"]
[SourceTitle "CBM 160 Extra"]
[Source "ChessBase"]
[SourceDate "2014.07.01"]
[SourceVersion "1"]
[SourceVersionDate "2014.07.01"]
[SourceQuality "1"]

1. e4 e5 2. Nc3 Nf6 3. Nf3 Nc6 4. Bc4 Nxe4 5. Nxe4 d5 6. Bb5 dxe4 7. Bxc6+ bxc6 8. Nxe5 Qg5 9. b4 Qxg2 10. Ke2 Ba6+ 11. c4 Bxb4 12. Qg1 Bxc4+ 13. Kd1 Qh3 14. a3 Qb3+ 0-1

[Event "Ostrava Konik op"]
[Site "Ostrava"]
[Date "2014.04.30"]
[Round "5"]
[White "Stefanik, Petr"]
[Black "Knettig, Vojtech"]
[Result "1-0"]
[WhiteElo "1456"]
[BlackElo "1000"]
[PlyCount "59"]
[EventDate "2014.04.26"]
[EventType "swiss"]
[EventRounds "9"]
[EventCountry "CZE"]
[SourceTitle "CBM 160 Extra"]
[Source "ChessBase"]
[SourceDate "2014.07.01"]
[SourceVersion "1"]
[SourceVersionDate "2014.07.01"]
[SourceQuality "1"]

1. e4 e5 2. Nf3 Nc6 3. Bc4 Nf6 4. Ng5 d5 5. exd5 Nxd5 6. Nxf7 Kxf7 7. Qf3+ Ke8 8. Bxd5 Qe7 9. Bxc6+ bxc6 10. Qxc6+ Bd7 11. Qxa8+ Bc8 12. Qxc8+ Qd8 13. Qxd8+ Kxd8 14. 0-0 Bd6 15. d3 Ke7 16. Nc3 Ke6 17. Ne4 Kd5 18. Be3 c5 19. Nxd6 Kxd6 20. f4 Rf8 21. fxe5+ Kxe5 22. Bxc5 Ke6 23. Rxf8 Ke5 24. Bxa7 Kd5 25. c4+ Kc6 26. b4 Kb7 27. Rf7+ Kc6 28. Re1 Kd6 29. d4 Kc6 30. Re6# 1-0